000 01042 a2200277 4500
999 _c9463
_d9463
020 _a9780199548583
050 0 0 _aKD1954 GUI 2008
100 _aMackay, Justice
_ecompiler
245 0 0 _aGuidelines for the assessment of general damages in personal injury cases /
_ccompiled for the Judicial Studies Board by Mr. Justice Mackay ... [et al.] ; foreword by Mr. Justice Owen.
250 _a9th ed.
264 _aOxford :
_bOxford University Press,
_c2008.
300 _ax, 67 p. ;
500 _aIncludes index.
500 _a10th ed.- cataloged as a serial in LC.
_5DLC
650 0 _aPersonal injuries
650 0 _aDamages
650 0 _aPersonal injuries
650 0 _aDamages
700 1 _aBruffell, Martin
_esolicitor
700 1 _aCherry, John
700 1 _aHughes, Alan
700 1 _aTillett, Michael
710 1 _aGreat Britain.
942 _2lcc
_cBK
_e9th ed.
_h1954
_iGUI
_kKD